Etyka w biznesie.

Rozhovor s Dr. Albertom Löhrom, laureátom ceny Ústavu nemeckého hospodárstva v r. 1992 o etike v businesse. Úloha etiky v boji o trh. Jej obmedzenia. Nový štýl vedenia ľudí. Etika dialógu s pracovníkmi. Sieť European Business Ethics Network (EBEN).

Salvato in:
Dettagli Bibliografici
Autore principale: Löhr, A.
Natura: Capitolo di libro
Lingua:polacco
Soggetti:
Tags: Aggiungi Tag
Nessun Tag, puoi essere il primo ad aggiungerne!!

MARC

LEADER 00000naa a2200000 4500
001 r010032
005 20221125122426.2
041 0 |a pol 
044 |a PL 
245 1 0 |a Etyka w biznesie.  |c A. Löhr 
520 |a Rozhovor s Dr. Albertom Löhrom, laureátom ceny Ústavu nemeckého hospodárstva v r. 1992 o etike v businesse. Úloha etiky v boji o trh. Jej obmedzenia. Nový štýl vedenia ľudí. Etika dialógu s pracovníkmi. Sieť European Business Ethics Network (EBEN). 
610 2 0 |a podnikanie 
610 2 0 |a obchod 
610 2 0 |a etika 
610 2 0 |a trh 
610 2 0 |a Európa 
610 2 0 |a riadenie podnikové 
100 1 |a Löhr, A.